Library Banner

EFU ek tahreek (Urdu) (Record no. 40980)

MARC details
000 -LEADER
fixed length control field 00553nam a2200193Ia 4500
001 - CONTROL NUMBER
control field 42968
008 - FIXED-LENGTH DATA ELEMENTS--GENERAL INFORMATION
fixed length control field 140425s9999 xx 000 0 und d
020 ## - INTERNATIONAL STANDARD BOOK NUMBER
International Standard Book Number NA
040 ## - CATALOGING SOURCE
Transcribing agency PK-LaUMT
082 ## - DEWEY DECIMAL CLASSIFICATION NUMBER
Classification number RHC 368.092
Item number KAR-E
100 ## - MAIN ENTRY--PERSONAL NAME
Personal name Baqar Naqvi
245 ## - TITLE STATEMENT
Title EFU ek tahreek (Urdu)
Remainder of title tashkeel-e-Pakistan kay tanaazar mein aik idaaray ki tameer-o-taraqqi
Statement of responsibility, etc Baqar Naqvi<>Karnosmi, Wolfram
260 ## - PUBLICATION, DISTRIBUTION, ETC. (IMPRINT)
Place of publication, distribution, etc Karachi,Pakistan:
Name of publisher, distributor, etc Academy Bazyaft,
Date of publication, distribution, etc 2007
300 ## - PHYSICAL DESCRIPTION
Extent 460 p.
546 ## - LANGUAGE NOTE
Language note UR
650 ## - SUBJECT ADDED ENTRY--TOPICAL TERM
Topical term or geographic name as entry element Insurance
700 ## - ADDED ENTRY--PERSONAL NAME
Personal name Karnosmi, Wolfram
942 ## - ADDED ENTRY ELEMENTS (KOHA)
Koha item type Books
Holdings
Withdrawn status Lost status Damaged status Not for loan Home library Current library Date acquired Total Checkouts Full call number Barcode Date last seen Price effective from Koha item type
        UMT Main Campus UMT Main Campus 2014-04-25   RHC 368.092 KAR-E 46555 2014-05-06 2014-05-06 Books